180 thủ thuật & mẹo hay trong Flash CS4

Tài liệu gồm 12 chương, được thiết kế phù hợp cho những người mới bắt đầu sử dụng Flash và những chuyên viên thiết kế Flash muốn tìm hiểu thêm về Flash CS4. Tài liệu hướng dẫn: tạo những đoạn phim hoạt hình và quảng cáo ấn tượng,...

Szczegółowa specyfikacja

Zapisane w:
Opis bibliograficzny
1. autor: Nguyễn, Nam Thuận
Format: Książka
Język:Undetermined
Wydane: Thành phố Hồ Chí Minh Hồng Đức 2010
Hasła przedmiotowe:
Etykiety: Dodaj etykietę
Nie ma etykietki, Dołącz pierwszą etykiete!
Thư viện lưu trữ: Trung tâm Học liệu Trường Đại học Cần Thơ
LEADER 01303nam a2200205Ia 4500
001 CTU_174166
008 210402s9999 xx 000 0 und d
020 |c 71000 
082 |a 006.696 
082 |b Th502 
100 |a Nguyễn, Nam Thuận 
245 0 |a 180 thủ thuật & mẹo hay trong Flash CS4 
245 0 |c Nguyễn Nam Thuận, Trịnh Quốc Tiến và nhóm tin học thực dụng 
260 |a Thành phố Hồ Chí Minh 
260 |b Hồng Đức 
260 |c 2010 
520 |a Tài liệu gồm 12 chương, được thiết kế phù hợp cho những người mới bắt đầu sử dụng Flash và những chuyên viên thiết kế Flash muốn tìm hiểu thêm về Flash CS4. Tài liệu hướng dẫn: tạo những đoạn phim hoạt hình và quảng cáo ấn tượng, xử lý các frame trong nhiều lớp của một đoạn phim, sử dụng các symbol đồ họa họat hình, giúp người học nắm vững những thủ thuật và kỹ thuật trong Flash CS4. 
650 |a Flash (Computer file),Flash (Chương trình máy tính) 
910 |a PHUONG,Hải 
980 |a Trung tâm Học liệu Trường Đại học Cần Thơ